| 000 | 00000nas##2200000za#4500 |
|---|---|
| 001 | 9.507473 |
| 003 | CaOODSP |
| 005 | 20200325094129 |
| 007 | cr ||||||||||| |
| 008 | 150406c1988||||xxc|| m o||||f| |0eng|d |
| 040 | |aCaOODSP|beng |
| 043 | |an-cn--- |
| 086 | 1 |aJS74-3E-PDF |
| 110 | 1 |aCanada. |bRoyal Canadian Mounted Police External Review Committee. |
| 245 | 10|aDiscussion paper |h[electronic resource] |
| 260 | |aOttawa - Ontario : |bRoyal Canadian Mounted Police External Review Committee |
| 310 | |aIrregular |
| 362 | 1 |a1 (1998) -- 12 (1992) |
| 775 | 08|tDocument de recherche |w(CaOODSP)9.503864 |